Statistics for Smallest Countries (with a map)

Click here to take the quiz!

General Stats

  • This quiz has been taken 127 times
  • The average score is 191 of 196

Answers on the Map

Answers color-coded by a green-red scale on the quiz's map according to % correct below.
 

Answer Stats

Country% Correct
x
100%
Vatican City
95%
San Marino
90%
Malta
88%
Monaco
87%
Andorra
86%
Maldives
86%
Liechtenstein
83%
Tuvalu
83%
Seychelles
82%
Nauru
81%
Palau
78%
Micronesia (Fed St)
75%
Marshall Islands
71%
Saint Kitts and Nevis
71%
Saint Lucia
69%
Saint Vincent and
the Grenadines
69%
Barbados
62%
Grenada
62%
Antigua and Barbuda
61%
Singapore
55%

Score Distribution

Percentile by Number Answered

Percent of People with Each Score

Your Score History

You have not taken this quiz